000 00871nas a2200277 4500
001 BR2014002677
003 BR-BrBNA
005 20231205124010.0
007 ta
008 230509b bl.|||p| |||| 00| 00por d
040 _aBR-BrBNA
_bpor
_cBiblioteca Nacional de Agricultura
041 _a(Pt)
072 _aQ70; L02
100 1 _aViana, E.
100 1 _aSchulz, H.E.
100 1 _aAlbuquerque, R.
100 1 _aNoronha, A.B.
245 1 _aResíduos alimentares do lixo domiciliar: estudo do uso na alimentação de frangos de corte
650 _aFRANGO DE CORTE
650 _aRECICLAGEM
650 _aRAÇÃO
650 _aNUTRIÇÃO ANIMAL
773 0 _tRevista Brasileira de Engenharia Agrícola e Ambiental (Brazil)
_xISSN 1415-4366
_g(Mar 2006), v. 10(1) p. 203-211
_wBR2014002677
909 _a202311
_bLúcia
_c55
_dLúcia Elande
942 _2AGRIS
_n0
_cANA
999 _c236829
_d236829